Your brain on art (Record no. 5004)

MARC details
000 -CABECERA
campo de control de longitud fija 01916nam a22001937a 4500
008 - DATOS DE LONGITUD FIJA--INFORMACIÓN GENERAL
campo de control de longitud fija 251003b |||||||| |||| 00| 0 eng d
020 ## - NÚMERO INTERNACIONAL ESTÁNDAR DEL LIBRO
Número Internacional Estándar del Libro 9781805301233
040 ## - FUENTE DE LA CATALOGACIÓN
Centro/agencia transcriptor tbs
041 ## - CÓDIGO DE LENGUA
Código de lengua del texto/banda sonora o título independiente eng
050 ## - SIGNATURA TOPOGRÁFICA DE LA BIBLIOTECA DEL CONGRESO
Número de clasificación BH301.P45
Número de documento/Ítem M34 2023
100 ## - ENTRADA PRINCIPAL--NOMBRE DE PERSONA
Nombre de persona Magsamen, Susan
9 (RLIN) 26000
Término indicativo de función/relación author
245 ## - MENCIÓN DE TÍTULO
Título Your brain on art
Resto del título : how the arts transform us
Mención de responsabilidad, etc. / by Susan Magsamen and Ivy Ross.
260 ## - PUBLICACIÓN, DISTRIBUCIÓN, ETC.
Lugar de publicación, distribución, etc. Edinburgh:
Nombre del editor, distribuidor, etc. Canongate Boks,
Fecha de publicación, distribución, etc. 2025.
300 ## - DESCRIPCIÓN FÍSICA
Extensión xvii, 280 pages, 16 unnumbered pages of plates :
Otras características físicas illustrations (some color) ;
Dimensiones 20 cm.
520 ## - SUMARIO, ETC.
Sumario, etc. Have you ever gotten chills while listening to a particularly gorgeous piece of music? Or felt a sense of calm while gazing at a painting of a serene landscape? We have experiences like those every day, but rarely stop to consider what's happening internally to cause them. In Your Brain on Art, founder of the International Arts + Mind Lab at Johns Hopkins University School of Medicine Susan Magsamen and Google designer Ivy Ross explain how, by understanding how we biologically react to aesthetic experiences, we can not only heal as individuals but thrive as communities. Using the new science of neuroaesthetics, which explores our physiological reactions to art, Magsamen and Ross show us how, for instance, gardening can help a person heal from trauma or listening to a major fifth interval can snap the body out of a fight-or-flight response. Beyond enjoyment and abstraction, art can change the way we operate on a daily, practical level. And, in addition to helping each of us heal from stress, anxiety, burnout, and other malaises of modern life, neuroaesthetics can effect major change in society writ large, whether through public art murals in high-crime areas or music and dance therapy for patients experiencing neurodegenerative disorders.
650 #0 - PUNTO DE ACCESO ADICIONAL DE MATERIA--TÉRMINO DE MATERIA
Término de materia o nombre geográfico como elemento de entrada Aesthetics
Subdivisión general Psychological aspects
9 (RLIN) 26001
650 #0 - PUNTO DE ACCESO ADICIONAL DE MATERIA--TÉRMINO DE MATERIA
Término de materia o nombre geográfico como elemento de entrada Arts
Subdivisión general Psychological aspects
9 (RLIN) 26002
942 ## - ELEMENTOS DE ENTRADA AGREGADA (KOHA)
Fuente del sistema de clasificación o colocación Clasificación de Library of Congress
Holdings
Estado de retiro Estado de pérdida Fuente del sistema de clasificación o colocación Estado dañado No para préstamo Biblioteca de origen Biblioteca actual Fecha de adquisición Total de préstamos Renovaciones totales Signatura topográfica completa Código de barras Fecha visto por última vez Fecha del último préstamo Número de copia Precio válido a partir de Tipo de ítem Koha Nota pública
    Clasificación de Library of Congress     TBS Barcelona TBS Barcelona 03/10/2025 1 1 BH301.P45 MAG B05743 22/12/2025 09/10/2025 1 03/10/2025 Book WELL COLLECTION

Powered by Koha